Discurso leído en la solemne apertura del curso de 1908 a 1909 en la Universidad Literaria de Sevilla / (Record no. 117196)

MARC details
000 -LEADER
campo de control de longitud fija 00706nam a2200193 i 4500
001 - NÚMERO DE CONTROL
campo de control 117196
003 - IDENTIFICADOR DE NÚMERO DE CONTROL
campo de control ES-MaACL
005 - FECHA Y HORA DE LA ÚLTIMA TRANSACCIÓN
campo de control 20250822063157.0
007 - CAMPO FIJO DE DESCRIPCIÓN FÍSICA--INFORMACIÓN GENERAL
campo de control de longitud fija t|
008 - DATOS DE LONGITUD FIJA--INFORMACIÓN GENERAL
campo de control de longitud fija 071121s1908 sp r ||||1| spa d
100 1# - ENTRADA PRINCIPAL--NOMBRE DE PERSONA
Nombre de persona Peña Fernández, Teodoro,
Fechas asociadas al nombre 1852-
9 (RLIN) 90257
245 10 - MENCIÓN DEL TÍTULO
Título Discurso leído en la solemne apertura del curso de 1908 a 1909 en la Universidad Literaria de Sevilla /
Mención de responsabilidad, etc. Teodoro Peña Fernández.
260 ## - PUBLICACIÓN, DISTRIBUCIÓN, ETC.
Lugar de publicación, distribución, etc. Sevilla :
Nombre del editor, distribuidor, etc. Papelería Sevillana,
Fecha de publicación, distribución, etc. 1908.
300 ## - DESCRIPCIÓN FÍSICA
Extensión 36 p. ;
Dimensiones 30 cm.
500 ## - NOTA GENERAL
Nota general Tema: Ensayo del influjo del tiempo en las relaciones juridicas.
710 0# - ENTRADA AGREGADA--NOMBRE DE ENTIDAD CORPORATIVA
Nombre de entidad corporativa o nombre de jurisdicción como elemento de entrada Universidad Literaria de Sevilla.
9 (RLIN) 7391
852 ## - LOCALIZACIÓN
Ubicación ES-MaACL
Número de control de estantería T-1183-F-1
Holdings
Estatus retirado Estado de pérdida Estado de daño No para préstamo Colección Biblioteca de origen Biblioteca actual Ubicación en estantería Fecha de adquisición Fuente de adquisición Total de préstamos Signatura topográfica completa Código de barras Visto por última vez Precio de reemplazo Tipo de ítem Koha
        Colección de folletos Biblioteca del Ateneo de Madrid Biblioteca del Ateneo de Madrid Depósito folletos 17/01/2008     T-1183-F-1 1122187 23/02/2023 23/02/2023 Folleto